| 000 | 00875nam a2200277 a 4500 | ||
|---|---|---|---|
| 001 | 4381788 | ||
| 003 | OSt | ||
| 005 | 20140310182131.0 | ||
| 008 | 910320s1991 orua b 001 0 eng | ||
| 010 | _a 91071623 | ||
| 020 |
_a0961263032 : _c$12.95 |
||
| 040 |
_aDLC _cDLC |
||
| 043 | _an-us-hi | ||
| 050 | 0 | 0 |
_aGV 199.42.H32 _b.C542 1991 |
| 082 | 0 | 0 |
_aHS 919.69 _bCh44 1991 |
| 100 | 1 |
_aChisholm, Craig. _914694 |
|
| 245 | 1 | 0 |
_aKauai : _cCraig Chisholm _bhiking trails / |
| 260 |
_aLake Oswego, Or. : _bFernglen Press, _cc1991. |
||
| 300 |
_a120 p. : _bill. (some col.) ; _c23 cm. |
||
| 650 | 0 |
_aHiking _zHawaii _zKauai _xGuidebooks. _914695 |
|
| 651 | 0 |
_aKauai (Hawaii) _xDescription and travel. _914696 |
|
| 906 |
_a7 _bcbc _corignew _d2 _eopcn _f19 _gy-gencatlg |
||
| 942 |
_2lcc _cHS |
||
| 999 |
_c9691 _d9691 |
||